| 000 | 01499cam a2200337 a 4500 | ||
|---|---|---|---|
| 001 | 15690705 | ||
| 005 | 20091217110822.0 | ||
| 008 | 090407s2009 nyua | b 001 0 eng u | ||
| 010 | _a 2009014666 | ||
| 015 |
_aGBA935804 _2bnb |
||
| 016 | 7 |
_a015108556 _2Uk |
|
| 020 | _a9780071610391 (alk. paper) | ||
| 035 | _a(OCoLC)ocn244060648 | ||
| 040 |
_aDLC _cDLC _dBTCTA _dBAKER _dYDXCP _dUKM _dC#P _dBWX _dNLGGC _dCDX _dVP@ _dDLC |
||
| 041 | 1 |
_aeng _hita |
|
| 050 | 0 | 0 |
_aQA76.9.D37 _bG56813 2009 |
| 082 | 0 | 0 |
_a005.745 _222 _bGOL |
| 100 | 1 |
_aGolfarelli, Matteo. _911334 |
|
| 240 | 1 | 0 |
_aData warehouse. _lEnglish |
| 245 | 1 | 0 |
_aData Warehouse Design : _bModern Principles and Methodologies / _cMatteo Golfarelli, Stefano Rizzi ; translated by Claudio Pagliarani. |
| 260 |
_aNew York : _bMcGraw-Hill, _cc2009. |
||
| 300 |
_axxi, 458 p. : _bill. ; _c24 cm. |
||
| 504 | _aIncludes bibliographical references and index. | ||
| 650 | 0 |
_aData warehousing. _911335 |
|
| 650 | 0 |
_aDatabase design. _911336 |
|
| 700 | 1 |
_aRizzi, Stefano. _911337 |
|
| 700 | 1 |
_aPagliarani, Claudio _911338 |
|
| 942 |
_2ddc _cBB |
||
| 999 |
_c13375 _d13375 |
||